Quizzes
Events
Quiz Creation
Community
Videos
Private Events
Remove Ads
Sign In
Join for FREE
Feedback
Dark Mode
Quiz Categories
Sports
Geography
Music
Movies
Television
Just For Fun
Miscellaneous
History
Literature
Language
Science
Gaming
Entertainment
Religion
Holiday
For Kids
Quiz Lab
Recent
Popular Today
Quiz Kudos Today
Editor Picks
Curator Picks
Quizzes by...
Day
Popularity
Type
Ratings
Length
Year
Community
Subscriptions
Recent Discussions
Orange Saloon
Badges
Playlists
Quests
Create
Leaderboards
Showdown
Live 5
Trivia Bingo
Activity
Puzzle Library
Sporcle Events
Private Events
Virtual Trivia
Globe League
Become a Host
Pub Owners
SporcleCon
Opinionation
Our Games
Videos
Blog
Mobile Apps
Partnerships
Remove Ads and Go Orange
Feedback
Music
Pop Music
The Beatles
Song
Album
Lyrics
Bands
Singers
Artist
Clip
Rock
Rap
Classical
Billboard
Country Music
Kpop
Taylor Swift
Music
Pop Music
The Beatles
Song
Album
Lyrics
Bands
Singers
Artist
Clip
Rock
Rap
Classical
Billboard
Country Music
Kpop
Taylor Swift
Random Quiz
Search Sporcle
×
Quiz Lab
Quiz Lab
Music
The Beatles
Type in answers that appear in a list
Type in answers that appear in a list
Classic
Best Score? Go Orange.
Songs from the Beatles Love album Stats
Can you name the Songs from the Beatles Love album?
By
shelven
12m
26 Questions
200 Plays
200 Plays
200 Plays
Comments
Comments
Give Quiz Kudos
Give Quiz Kudos
-
- Ratings
hide this ad
Replay
Link that replays current quiz
Next Quiz
Link to next quiz in quiz playlist
You Got
0%
They Got
Avg Score
46%
Avg Friend Score
Upgrade to see
Score Distribution
Jump to the score distribution portion of the page
Score
0/26
Timer
12:00
0
Plays Today
% Correct
Because
70.5%
Get Back
67%
I Want to Hold Your Hand
64%
All You Need is Love
64%
Eleanor Rigby
63.5%
I Am the Walrus
60.5%
Glass Onion
59.5%
Something
55%
Hey Jude
50.5%
Sun King
47.5%
Strawberry Fields Forever
46.5%
Here Comes the Sun
46.5%
Help
45.5%
% Correct
Octopus's Garden
44.5%
Revolution
44%
A Day in the Life
42%
Lucy in the Sky with Diamonds
41.5%
Lady Madonna
41%
While My Guitar Gently Weeps
40%
Sgt Pepper's Lonely Hearts Club Band
38.5%
Back in the USSR
36%
Blackbird|Yesterday
33.5%
Within You Without You|Tomorrow Never Knows
33%
Come Together|Dear Prudence
25.5%
Drive My Car|The Word|What You're Doing
24%
Being for the Benefit of Mr Kite|I Want You|Helter Skelter
15.5%
Quiz Playlist
Details
Report
Send in Message
Add To Playlist
Classic:
Type in answers that appear in a list
Last Updated: Feb 16, 2017
Quiz Scoreboard
CHALLENGE
Sign Up to Join the Scoreboard
Show All
Scores
Hide
Comments
May contain spoilers
Recently Published
Pick 6: Fruits
by JohnFran
Miscellaneous
15s
Click the 1999 NBA Draft
by nibperrychub
Sports
2m
Alphabetical 'K' Countries by Flag Minefield
by ylime102
Geography
3m
More to Explore
Quiz From the Vault
Featured Blog Post
15 Basketball Trivia Facts You Can Be March Mad About
hide this ad
You Might Also Like...
Tags
Album Quiz
Song Quiz
The Beatles Quiz
Love
Today's Top Quizzes in Music
Browse Music
hide this ad
Today's Top Quizzes in The Beatles
Browse The Beatles
Top Contributed Quizzes in Music
1
Taylor Swift All Songs (2024)
2
KPOP LOGIC QUIZ
3
A Taylor Swift Logic Puzzle
4
K-Pop Murder Mystery Logic Quiz
5
Taylor Swift Logic Puzzle
6
Guess the Taylor Swift song (Mystery Song)
7
Guess The Taylor Swift Lyrics Song #1
8
NCT 2020 Logic Puzzle
9
Joni Mitchell—'Car on a Hill' Lyrics
10
kpop group name match up
Explore More
Trending Topics
Anime
Kpop
NBA
Marvel
Harry Potter
Crossword
Disney
Country
Puzzle
Soccer
NFL
WWE
Pokémon
The Office
Song
hide this ad
More By:
shelven
Quiz
Plays
Rating
Category
Featured
Created
Lost Character Connection Chain!
5,932
4.23
Television
Jul 31, 2010
ENTIRE Weasley Family
1,758
3.00
Literature
Jan 8, 2011
Born This Way Album Songs
1,444
4.88
Music
May 25, 2011
Gym Leader and E4 Signature Pokemon
1,032
3.00
Gaming
Mar 23, 2010
Lost Season 1 Main Characters
1,020
4.83
Television
Feb 9, 2010
Go to Creator's Profile
Score Distribution
Quiz Creator Spotlight
shelven
Follow
Send a Message
Quizzes Created
-
Created Quiz Play Count
-
More By This Creator
Popular Quizzes Today
1
Find the US States - No Outlines Minefield
2
Countries of Asia Without Outlines Minefield
3
Pick 6: Fruits
4
Alphabetical 'K' Countries by Flag Minefield
5
The Countries of the World
6
Find the US States
7
Match the Book to the Film X
8
US States
More Music Quizzes
K-Pop Idols & Emojis: Enhypen
Quiz Lab
Trending Quizzes
Pick 6: Mountains
Pick 6: Harry Potter
Pick 6: NFL Teams
Pick 6: Movie Franchises
Pick 6: Golfers
Recently Updated
NWSL Teams
pecheneg
Women's Final Four Teams by Year
bhenderson79
Presidents Quartet II
eogle
Anything But Clue(do)
eogle
Anything But Oceanian Capitals
eogle
Anything But 7
eogle
Anything But Thing
eogle
Word Ladder: February 29
pecheneg
Song Title Questions
pecheneg
Women's NCAA Tournament #1 Seeds
pecheneg
Trending Topics
Marvel
Anime
Harry Potter
Disney
Kpop
NBA
Crossword
Pokémon
Country
Soccer
Song
WWE
Puzzle
The Office
NFL
Your Account Isn't Verified!
In order to create a playlist on Sporcle, you need to verify the email address you used during registration. Go to your
Sporcle Settings
to finish the process.
Report this User
Report this user for behavior that violates our
Community Guidelines
.
Details:
Send Report
Go to the Sporcle.com Mobile Site →
Comments